000 01273cad a22002295a 4500
001 L153614
008 110810s2011 xxkad f s 000 0 eng d
035 _a(Sirsi) u153614
041 0 _aeng
050 0 4 _a333.33 $2 18
110 2 _aRoyal Institution of Chartered Surveyors
_bEconomics
_95033
245 0 0 _aRICS UK commercial market survey
_bQ1 2011
_h[electronic resource
260 _aLondon
_bRICS
_c2011
490 0 _aRICS Commercial Market Survey United Kingdom
_vQ1 2011
520 _aLondon rental outlook strengthens, weaker elsewhere. Tenant demand rises for second quarter driven by improvements in office and industrial markets but despite this the outlook for rents falls back at faster pace as available space rises. Capital values remain firm in London, but continue to fall across all other regions. The Q1 2011 survey continues to show strong regional divergences as the London office market outperforms all other sectors and regions.
590 _aKA
650 2 4 _aRICS COMMERCIAL MARKET SURVEY
651 4 _aUnited Kingdom
_y
690 _aPROPERTY-COMMERCIAL PROPERTY-COMMERCIAL PROPERTY MARKET
856 4 0 _uhttps://www.rics.org/site/download_feed.aspx?fileID=9495&fileExtension=PDF
_zView the report free of charge at www.rics.org
942 _n0
999 _c112612
_d112612